00884nam a22002417a 450000500170000001000130001702000220003003500130005203700160006504000120008108200150009310000290010824500870013726000460022427000480027030000260031850000510034465000290039565000530042494200240047799900190050195201220052020170124110204.0 aA-943320 c00.00a8120307771 aA-943320 bCen Lib/Ret aDPLbEN a006.3bPAT aPatterson, Dan W.936889 aIntroduction to artificial intelligence and expert systems /cby Dan W. Patterson  aNew Delhi bPrentice Hall of India c1998 bNew Delhi aM-97, Connaught Circus e110001 axv, 448p. :c21cm(Hb) aIncludes bibliographical references and index  aComputer science9107638 aArificial intelligence and expert system 936891 2ddccENh006.3mPAT c133122d133122 00104070aLbLd2015-07-24eCen Lib/Retg0.00l0o006.3 PATpA-943320r2015-07-24 00:00:00t1v0.00w2015-07-24yEN